35 năm Asean hợp tác và phát triển
সংরক্ষণ করুন:
| প্রধান লেখক: | |
|---|---|
| বিন্যাস: | গ্রন্থ |
| প্রকাশিত: |
Khoa học xã hội
2003
|
| ট্যাগগুলো: |
ট্যাগ যুক্ত করুন
কোনো ট্যাগ নেই, প্রথমজন হিসাবে ট্যাগ করুন!
|
| Thư viện lưu trữ: | Mạng thư viện Đại học Đà Nẵng |
|---|
| LEADER | 00576nam a2200229 a 4500 | ||
|---|---|---|---|
| 001 | 000029207 | ||
| 003 | 19404 | ||
| 005 | 20171030145630.0 | ||
| 008 | 171030s2003 | ||
| 020 | |c 32000 | ||
| 040 | |a LTT | ||
| 082 | 0 | |a 327.59 |b NG-Q | |
| 100 | 1 | |a Nguyễn Trần Quế | |
| 245 | 0 | 0 | |a 35 năm Asean hợp tác và phát triển |c Nguyễn Trần Quế. |
| 260 | |b Khoa học xã hội |c 2003 | ||
| OWN | |a LTT | ||
| 999 | |a From the UDN01 | ||
| TYP | |a Monograph | ||
| TYP | |a Printed language | ||
| 980 | |a Mạng thư viện Đại học Đà Nẵng | ||